Polskie Głowy Państwa! - Statystyki

Ogólne statystyki
  • Ten quiz został rozwiązany 338 razy
  • Średni wynik to 28 z 50
Statystyki odpowiedzi
Lata Rządów Odpowiedzi % Poprawnych
ok. 960-992 Mieszko I
96%
2015-Teraz Andrzej Duda
95%
992 - 1025 Bolesław I Chrobry
93%
2010-2015 Bronisław Komorowski
91%
2005-2010 Lech Kaczyński
91%
1990-1995 Lech Wałęsa
87%
1995-2005 Aleksander Kwaśniewski
86%
1981-1989, 1989-1990 Wojciech Jaruzelski
82%
1764-1795 Stanisław August Poniatowski
79%
1333-1370 Kazimierz III Wielki
78%
1386-1434 Władysław II Jagiełło
77%
1102-1138 Bolesław III Krzywousty
74%
1587-1632 Zygmunt III Waza
72%
1648-1668 Jan II Kazimierz
68%
1306-1333 Władysław I Łokietek
68%
1918-1922 Józef Piłsudski
67%
1632-1648 Władysław IV Waza
64%
1674-1696 Jan III Sobieski
63%
1922-1922 Gabriel Narutowicz
62%
1506-1548 Zygmunt I Stary
60%
1944-1956 Bolesław Bierut
59%
1548-1572 Zygmunt II August
55%
1576-1586 Stefan Batory
54%
1034-1058 Kazimierz I Odnowiciel
53%
1956-1970 Władysław Gomułka
53%
1970-1980 Edward Gierek
52%
1573-1575 Henryk III Walezy
52%
1807-1815 Fryderyk August I
51%
1926-1939 Ignacy Mościcki
49%
1447-1492 Kazimierz IV Jagiellończyk
46%
1384-1399 Jadwiga Andegaweńska
45%
1025-1031, 1032-1034 Mieszko II Lambert
44%
1501-1506 Aleksander Jagiellończyk
43%
1697-1706, 1709-1733 August II Mocny
43%
1434-1444 Władysław III Warneńczyk
43%
1733-1763 August III Sas
42%
1669-1673 Michał Korybut Wiśniowiecki
42%
1370-1382 Ludwik Węgierski
38%
1704-1709, 1733-1736 Stanisław Leszczyński
38%
1295-1296 Przemysł II
36%
1492-1501 Jan Olbracht
34%
1922-1926 Stanisław Wojciechowski
33%
1058-1079 Bolesław II Szczodry
31%
1300-1305 Wacław II
31%
1305-1306 Wacław III
31%
1079-1102 Władysław I Herman
30%
1031-1032 Bezprym
29%
1956-1956 Edward Ochab
21%
1102-1107 Zbigniew
20%
1980-1981 Stanisław Kania
19%
Nie znaleziono quizów pasujących do podanych kryteriów
Rozkład punktacji
Procent ludzi z każdym wynikiem
Percentyl według liczby udzielonych odpowiedzi
Twoja historia wyników
Nie rozwiązałeś tego quizu